| 000 | 01084nas a2200373 4500 | ||
|---|---|---|---|
| 001 | BR2010003161 | ||
| 003 | BR-BrBNA | ||
| 005 | 20231205114108.0 | ||
| 007 | ta | ||
| 008 | 230509b bl.|||p| |||| 00| 00por d | ||
| 040 |
_aBR-BrBNA _bpor _cBiblioteca Nacional de Agricultura |
||
| 041 | _a(Pt) | ||
| 072 | _aL51 | ||
| 100 | 1 | _aMessana, J.D. | |
| 100 | 1 | _aBerchielli, T.T. | |
| 100 | 1 | _aArcuri, P.B. | |
| 100 | 1 | _aReis, R.A. | |
| 100 | 1 | _aPires, A.V. | |
| 100 | 1 | _aMalheiros, E.B. | |
| 245 | 1 | _aValor nutritivo do resíduo do processamento do caroço de algodão suplementado com levedura e avaliado em bovinos | |
| 650 | _aGADO NELORE | ||
| 650 | _aCONSUMO | ||
| 650 | _aDIGESTIBILIDADE | ||
| 650 | _aRESÍDUO | ||
| 650 | _aALGODÃO | ||
| 650 | _aRÚMEN | ||
| 650 | _aMATÉRIA SECA | ||
| 650 | _aRAÇÃO | ||
| 650 | _aNUTRIENTE | ||
| 650 | _aVALOR NUTRITIVO | ||
| 773 | 0 |
_tRevista Brasileira de Zootecnia (Brazil) _xISSN 1516-3598 _g(Oct 2009), v. 38(10) p. 2031-2037 _wBR2010003161 |
|
| 909 |
_a202311 _bLúcia _c55 _dLúcia Elande |
||
| 942 |
_2AGRIS _n0 _cANA |
||
| 999 |
_c207057 _d207057 |
||